000 00697nam a2200241 a 4500
001 54629
003 BD-RjUL
005 20211209080140.0
008 161108s2005 ii ||||| |||| 001 0 eng d
020 _a8122415903
035 _a(BD-RjUL)54751
040 _aBD-RjUL
_beng
_cBD-RjUL
_dBD-RjUL
041 _aeng
082 _223
_a530
_bKAM 2005
100 _a Kamal, Anwar
_9162932
245 _aMechanics of particles, waves and oscillations /
_cAnwar Kamal
250 _a3rd. rev. ed.
260 _aNew Delhi :
_bNEW AGE INTERNATIONAL (P) LIMITED, PUBLICATION,
_c2005.
300 _axiv,428 p.:
_bill. ;
_c23 cm.
500 _aIncludes index
650 _aMechanics
_9162933
942 _2ddc
_cBK
999 _c54629
_d54629